Bālakavi / (Record no. 54920)

MARC details
000 -LEADER
fixed length control field 00617nam a2200205 i 4500
001 - CONTROL NUMBER
control field sa 63003163
003 - CONTROL NUMBER IDENTIFIER
control field DLC
005 - DATE AND TIME OF LATEST TRANSACTION
control field 20260227111939.0
008 - FIXED-LENGTH DATA ELEMENTS--GENERAL INFORMATION
fixed length control field 811028s1962 ii a 00010 mar
010 ## - LIBRARY OF CONGRESS CONTROL NUMBER
LC control number sa 63003163 //r81
025 ## - OVERSEAS ACQUISITION NUMBER
Overseas acquisition number PL480:I-Mar-295
050 0# - LIBRARY OF CONGRESS CALL NUMBER
Classification number PK2418.T48
Item number Z75
100 10 - MAIN ENTRY--PERSONAL NAME
Personal name Marāṭhe, K. B.
245 10 - TITLE STATEMENT
Title Bālakavi /
Statement of responsibility, etc. Kr̥.Bā. Marāṭhe.
250 ## - EDITION STATEMENT
Edition statement [Prathamāvr̥tti].
260 0# - PUBLICATION, DISTRIBUTION, ETC.
Place of publication, distribution, etc. Mumbaī :
Name of publisher, distributor, etc. Mauja Prakāśana Gr̥ha,
Date of publication, distribution, etc. [1962]
300 ## - PHYSICAL DESCRIPTION
Extent 198 p. :
Other physical details ill. ;
Dimensions 22 cm.
500 ## - GENERAL NOTE
General note In Marathi.
600 10 - SUBJECT ADDED ENTRY--PERSONAL NAME
Personal name Ṭhomare, Tryambaka Bāpūjī,
Dates associated with a name 1890-1918
General subdivision Criticism and interpretation.

No items available.

Powered by Koha